书目信息 |
| 题名: |
医学实验动物学教程
|
|
| 作者: | 邵义祥 主编 | |
| 分册: | ||
| 出版信息: | 南京 东南大学出版社 2003 |
|
| 页数: | 389页 | |
| 开本: | 24cm | |
| 丛书名: | ||
| 单 册: | ||
| 中图分类: | R-332 | |
| 科图分类: | ||
| 主题词: | 医学--实验动物 | |
| 电子资源: | ||
| ISBN: | 7-81089-405-6 | |
| 000 | 00760nam0 2200217 45 | |
| 001 | 002588554 | |
| 005 | 20050412103647.1 | |
| 010 | @a7-81089-405-6@dCNY34.00 | |
| 100 | @a20040227d2003 em y0chiy0110 ea | |
| 101 | 0 | @achi |
| 102 | @aCN@b320000 | |
| 105 | @ay z 000yy | |
| 200 | 1 | @a医学实验动物学教程@Ayi xue shi yan dong wu xue jiao cheng@f邵义祥主编@FShao Yi Xiang Zhu Bian |
| 210 | @a南京@c东南大学出版社@d2003 | |
| 215 | @a389页@d24cm | |
| 330 | @a本书系统地介绍了实验动物科学的内涵和外延,重点介绍了医学研究领域实验动物科学的基本概念、技术及其应用,阐述了实验动物标准化和动物实验规范化的意义和管理要求。 | |
| 606 | 0 | @a医学@x实验动物 |
| 690 | @aR-332@v4 | |
| 701 | 0 | @a邵义祥@4主编 |
| 801 | 0 | @aCN@bNLC@c20040420 |
| 905 | @f5@b348561-565@dR-332@e9 | |
| 医学实验动物学教程/邵义祥主编.-南京:东南大学出版社,2003 |
| 389页;24cm |
| ISBN 7-81089-405-6:CNY34.00 |
| 本书系统地介绍了实验动物科学的内涵和外延,重点介绍了医学研究领域实验动物科学的基本概念、技术及其应用,阐述了实验动物标准化和动物实验规范化的意义和管理要求。 |
| ● |
| 相关链接 |
|
|
|
|
正题名:医学实验动物学教程
索取号:R-332/9
 
预约/预借
| 序号 | 登录号 | 条形码 | 馆藏地/架位号 | 状态 | 备注 |
| 1 | 0348561 | 203485610 | 第二样本阅览室/ [索取号:R-332/9] | 在馆 | |
| 2 | 0348562 | 203485629 | 第三借阅区/ [索取号:R-332/9] | 在馆 | |
| 3 | 0348563 | 203485638 | 教育系资料室/ [索取号:R-332/9] | 在馆 | |
| 4 | 0348564 | 203485647 | 教育系资料室/ [索取号:R-332/9] | 在馆 | |
| 5 | 0348565 | 203485656 | 第三借阅区/ [索取号:R-332/9] | 在馆 |